[Event "Masters Tournament (MTO)"]
[Site "Biel, CH"]
[Date "2025.07.24"]
[Round "10"]
[White "Malli, Shiivesh Sunil"]
[Black "Jordan, Theodor"]
[Result "1/2-1/2"]
[Board "41"]
[WhiteFideId "1340409"]
[BlackFideId "1353152"]
[WhiteElo "1969"]
[BlackElo "1934"]
[WhiteTeam "SUI"]
[BlackTeam "SUI"]
[WhiteClock "0:26:02"]
[BlackClock "1:27:22"]
[Variant "Standard"]

1. c4 {[%clk 1:39:17]}  c5 {[%clk 1:40:56]} 2. Nc3 {[%clk 1:39:25]}  Nc6 {[%clk 1:41:11]} 3. g3 {[%clk 1:39:01]}  g6 {[%clk 1:41:37]} 4. Bg2 {[%clk 1:39:27]}  Bg7 {[%clk 1:42:02]} 5. d3 {[%clk 1:39:52]}  Nf6 {[%clk 1:42:16]} 6. e4 {[%clk 1:39:23]}  e5 {[%clk 1:42:28]} 7. Nge2 {[%clk 1:40:34]}  d6 {[%clk 1:42:54]} 8. O-O {[%clk 1:40:32]}  O-O {[%clk 1:43:15]} 9. Rb1 {[%clk 1:39:06]}  Ne8 {[%clk 1:39:37]} 10. a3 {[%clk 1:36:20]}  Nc7 {[%clk 1:42:40]} 11. b4 {[%clk 1:36:09]}  Ne6 {[%clk 1:42:52]} 12. Nd5 {[%clk 1:35:53]}  Ncd4 {[%clk 1:42:54]} 13. Nxd4 {[%clk 1:36:04]}  Nxd4 {[%clk 1:43:15]} 14. bxc5 {[%clk 1:35:57]}  dxc5 {[%clk 1:43:35]} 15. Be3 {[%clk 1:36:04]}  b6 {[%clk 1:42:11]} 16. Bxd4 {[%clk 1:36:07]}  exd4 {[%clk 1:42:08]} 17. f4 {[%clk 1:36:21]}  Bb7 {[%clk 1:42:12]} 18. Qd2 {[%clk 1:34:30]}  Qd7 {[%clk 1:31:27]} 19. Rb5 {[%clk 1:19:26]}  Bc6 {[%clk 1:26:42]} 20. Rb2 {[%clk 1:17:34]}  Rab8 {[%clk 1:15:41]} 21. f5 {[%clk 1:15:51]}  Bxd5 {[%clk 1:39:55]} 22. exd5 {[%clk 1:09:06]}  Qd6 {[%clk 1:35:50]} 23. Be4 {[%clk 1:04:19]}  Rbe8 {[%clk 1:27:18]} 24. Kh1 {[%clk 0:52:50]}  Qf6 {[%clk 1:33:13]} 25. Qc1 {[%clk 0:50:47]}  g5 {[%clk 1:33:31]} 26. Rbf2 {[%clk 0:49:08]}  Rd8 {[%clk 1:32:43]} 27. Qd1 {[%clk 0:49:08]}  Rd6 {[%clk 1:32:47]} 28. Qh5 {[%clk 0:43:46]}  Rb8 {[%clk 1:26:25]} 29. a4 {[%clk 0:37:02]}  a5 {[%clk 1:23:53]} 30. h4 {[%clk 0:30:19]}  h6 {[%clk 1:19:55]} 31. Qg4 {[%clk 0:27:34]}  Re8 {[%clk 1:18:35]} 32. Rh2 {[%clk 0:26:42]}  Qe7 {[%clk 1:16:15]} 33. hxg5 {[%clk 0:32:46]}  Qxg5 {[%clk 1:16:01]} 34. Qf3 {[%clk 0:25:52]}  Bf6 {[%clk 1:12:38]} 35. Rh5 {[%clk 0:21:54]}  Qg7 {[%clk 1:11:47]} 36. Qf4 {[%clk 0:13:22]}  Be7 {[%clk 1:07:54]} 37. Kg2 {[%clk 0:12:46]}  Red8 {[%clk 1:07:55]} 38. f6 {[%clk 0:03:16]}  Rxf6 {[%clk 1:06:51]} 39. Qc7 {[%clk 0:02:28]}  Rxf1 {[%clk 1:06:07]} 40. Kxf1 {[%clk 0:30:00]}  Qf6+ {[%clk 1:02:31]} 41. Kg2 {[%clk 0:26:02]}  Qd6 {[%clk 1:27:22]} 1/2-1/2

[Event "Masters Tournament (MTO)"]
[Site "Biel, CH"]
[Date "2025.07.24"]
[Round "10"]
[White "Heyl, Thomas"]
[Black "von Burg, Carl Alexander"]
[Result "1/2-1/2"]
[Board "42"]
[WhiteFideId "4623371"]
[BlackFideId "1352458"]
[WhiteElo "1938"]
[BlackElo "1878"]
[WhiteTeam "GER"]
[BlackTeam "SUI"]
[WhiteClock "0:37:22"]
[BlackClock "0:30:38"]
[Variant "Standard"]

1. Nf3 {[%clk 1:40:56]}  Nf6 {[%clk 1:16:54]} 2. c4 {[%clk 1:41:13]}  g6 {[%clk 1:17:02]} 3. Nc3 {[%clk 1:41:32]}  Bg7 {[%clk 1:17:19]} 4. e4 {[%clk 1:41:44]}  d6 {[%clk 1:16:52]} 5. d4 {[%clk 1:42:03]}  O-O {[%clk 1:16:42]} 6. h3 {[%clk 1:42:26]}  Nc6 {[%clk 1:15:17]} 7. Be3 {[%clk 1:40:57]}  e5 {[%clk 1:13:41]} 8. d5 {[%clk 1:41:09]}  Ne7 {[%clk 1:13:42]} 9. Be2 {[%clk 1:35:50]}  a6 {[%clk 1:10:26]} 10. Qd2 {[%clk 1:29:38]}  Bd7 {[%clk 1:08:47]} 11. a4 {[%clk 1:28:16]}  c6 {[%clk 0:52:29]} 12. a5 {[%clk 1:22:12]}  c5 {[%clk 0:47:06]} 13. Nh2 {[%clk 1:13:08]}  Ne8 {[%clk 0:44:47]} 14. g4 {[%clk 1:08:15]}  f5 {[%clk 0:35:02]} 15. Bg5 {[%clk 0:55:31]}  f4 {[%clk 0:37:41]} 16. Nf3 {[%clk 0:52:24]}  h6 {[%clk 0:36:37]} 17. Bxe7 {[%clk 0:52:42]}  Qxe7 {[%clk 0:36:57]} 18. Na4 {[%clk 0:49:28]}  Bxa4 {[%clk 0:31:24]} 19. Rxa4 {[%clk 0:49:53]}  Nf6 {[%clk 0:31:46]} 20. Qc2 {[%clk 0:48:24]}  Nd7 {[%clk 0:32:04]} 21. Kd2 {[%clk 0:44:49]}  Rfb8 {[%clk 0:31:18]} 22. Rha1 {[%clk 0:45:35]}  Qd8 {[%clk 0:30:38]} 23. R4a3 {[%clk 0:37:22]} 1/2-1/2

[Event "Masters Tournament (MTO)"]
[Site "Biel, CH"]
[Date "2025.07.24"]
[Round "10"]
[White "Arulanantham, Aneet"]
[Black "Harish, Neeraj"]
[Result "0-1"]
[Board "43"]
[WhiteFideId "1335189"]
[BlackFideId "30958130"]
[BlackTitle "CM"]
[WhiteElo "1985"]
[BlackElo "2212"]
[WhiteTeam "SUI"]
[BlackTeam "USA"]
[WhiteClock "0:18:54"]
[BlackClock "0:16:58"]
[Variant "Standard"]

1. d4 {[%clk 1:40:56]}  Nf6 {[%clk 1:32:53]} 2. c4 {[%clk 1:41:16]}  e6 {[%clk 1:33:15]} 3. Nf3 {[%clk 1:41:37]}  Bb4+ {[%clk 1:33:19]} 4. Bd2 {[%clk 1:41:55]}  c5 {[%clk 1:33:43]} 5. Bxb4 {[%clk 1:40:57]}  cxb4 {[%clk 1:34:04]} 6. a3 {[%clk 1:41:01]}  bxa3 {[%clk 1:34:24]} 7. Rxa3 {[%clk 1:41:19]}  O-O {[%clk 1:34:13]} 8. Nc3 {[%clk 1:40:51]}  d6 {[%clk 1:33:21]} 9. e4 {[%clk 1:39:30]}  Nc6 {[%clk 1:33:06]} 10. Be2 {[%clk 1:36:51]}  a5 {[%clk 1:26:32]} 11. O-O {[%clk 1:35:28]}  b6 {[%clk 1:17:45]} 12. Qd2 {[%clk 1:30:12]}  e5 {[%clk 1:17:26]} 13. d5 {[%clk 1:29:48]}  Nb4 {[%clk 1:17:39]} 14. Ne1 {[%clk 1:25:50]}  Nd7 {[%clk 1:07:43]} 15. Nc2 {[%clk 1:21:29]}  Rb8 {[%clk 1:04:36]} 16. Ne3 {[%clk 1:19:30]}  Nc5 {[%clk 1:03:18]} 17. f3 {[%clk 1:16:19]}  g6 {[%clk 0:58:11]} 18. Ng4 {[%clk 1:08:26]}  h5 {[%clk 0:48:53]} 19. Nf2 {[%clk 1:08:25]}  Qf6 {[%clk 0:44:24]} 20. Rc1 {[%clk 1:01:49]}  Bd7 {[%clk 0:40:56]} 21. Nb5 {[%clk 0:56:33]}  Kg7 {[%clk 0:39:54]} 22. Nd3 {[%clk 0:51:49]}  Ncxd3 {[%clk 0:38:48]} 23. Bxd3 {[%clk 0:52:11]}  Rbc8 {[%clk 0:37:14]} 24. Bf1 {[%clk 0:41:43]}  Rc5 {[%clk 0:33:07]} 25. Raa1 {[%clk 0:40:49]}  Rfc8 {[%clk 0:32:27]} 26. Na7 {[%clk 0:40:07]}  R8c7 {[%clk 0:30:50]} 27. Nb5 {[%clk 0:40:31]}  Bxb5 {[%clk 0:29:54]} 28. cxb5 {[%clk 0:40:55]}  Qf4 {[%clk 0:22:39]} 29. Qxf4 {[%clk 0:39:31]}  exf4 {[%clk 0:23:03]} 30. Rxc5 {[%clk 0:39:23]}  Rxc5 {[%clk 0:23:26]} 31. Re1 {[%clk 0:32:24]}  Kf6 {[%clk 0:22:57]} 32. Rd1 {[%clk 0:27:39]}  Rc2 {[%clk 0:21:07]} 33. b3 {[%clk 0:27:43]}  Ke5 {[%clk 0:20:39]} 34. Re1 {[%clk 0:25:06]}  Rc3 {[%clk 0:18:31]} 35. Rb1 {[%clk 0:25:04]}  f6 {[%clk 0:18:23]} 36. Kf2 {[%clk 0:23:28]}  Rc2+ {[%clk 0:18:19]} 37. Kg1 {[%clk 0:21:20]}  Kd4 {[%clk 0:16:08]} 38. Rd1+ {[%clk 0:21:05]}  Ke5 {[%clk 0:15:19]} 39. Rb1 {[%clk 0:21:16]}  h4 {[%clk 0:15:21]} 40. Rd1 {[%clk 0:20:07]}  g5 {[%clk 0:15:40]} 41. h3 {[%clk 0:20:05]}  Rc3 {[%clk 0:16:01]} 42. Rb1 {[%clk 0:20:06]}  Kd4 {[%clk 0:15:53]} 43. Rd1+ {[%clk 0:19:56]}  Kc5 {[%clk 0:16:13]} 44. Rb1 {[%clk 0:20:03]}  Nc2 {[%clk 0:16:22]} 45. Rc1 {[%clk 0:19:53]}  Kb4 {[%clk 0:16:39]} 46. Bd3 {[%clk 0:18:30]}  Rxd3 {[%clk 0:16:35]} 47. Rxc2 {[%clk 0:18:54]}  Rc3 {[%clk 0:16:58]} 0-1

[Event "Masters Tournament (MTO)"]
[Site "Biel, CH"]
[Date "2025.07.24"]
[Round "10"]
[White "Leonov, Leonid"]
[Black "Gafner, Lancelot"]
[Result "1/2-1/2"]
[Board "44"]
[WhiteFideId "1698052"]
[BlackFideId "1345818"]
[WhiteElo "2089"]
[BlackElo "1901"]
[WhiteTeam "AUT"]
[BlackTeam "SUI"]
[WhiteClock "0:34:55"]
[BlackClock "0:17:38"]
[Variant "Standard"]

1. e4 {[%clk 1:39:40]}  e5 {[%clk 1:40:55]} 2. Nf3 {[%clk 1:40:06]}  Nc6 {[%clk 1:41:20]} 3. Nc3 {[%clk 1:40:32]}  Nf6 {[%clk 1:41:43]} 4. g3 {[%clk 1:34:22]}  d5 {[%clk 1:35:03]} 5. exd5 {[%clk 1:41:21]}  Nxd5 {[%clk 1:35:28]} 6. Bg2 {[%clk 1:41:48]}  Be6 {[%clk 1:35:49]} 7. O-O {[%clk 1:42:11]}  Bc5 {[%clk 1:34:29]} 8. Nxe5 {[%clk 1:41:35]}  Nxe5 {[%clk 1:34:19]} 9. d4 {[%clk 1:39:10]}  Nxc3 {[%clk 1:32:13]} 10. bxc3 {[%clk 1:38:55]}  Bd6 {[%clk 1:32:28]} 11. dxe5 {[%clk 1:43:43]}  Bxe5 {[%clk 0:51:16]} 12. Bxb7 {[%clk 1:35:04]}  Qxd1 {[%clk 1:24:50]} 13. Rxd1 {[%clk 1:01:49]}  Rb8 {[%clk 1:25:09]} 14. Bc6+ {[%clk 1:02:04]}  Ke7 {[%clk 1:23:03]} 15. Bg5+ {[%clk 1:01:52]}  f6 {[%clk 1:25:28]} 16. Be3 {[%clk 1:01:40]}  Bxc3 {[%clk 1:23:17]} 17. Bc5+ {[%clk 0:56:13]}  Kf7 {[%clk 1:25:11]} 18. Bxa7 {[%clk 0:54:13]}  Rb2 {[%clk 1:23:26]} 19. a4 {[%clk 0:48:59]}  Rxc2 {[%clk 1:16:19]} 20. Rac1 {[%clk 0:41:47]}  Rxc1 {[%clk 1:11:04]} 21. Rxc1 {[%clk 0:55:34]}  Bd2 {[%clk 1:06:48]} 22. Rd1 {[%clk 0:51:36]}  Ba5 {[%clk 1:10:52]} 23. Kg2 {[%clk 0:46:08]}  Bb6 {[%clk 1:05:20]} 24. Bxb6 {[%clk 0:51:55]}  cxb6 {[%clk 1:05:47]} 25. Rb1 {[%clk 0:51:38]}  Rc8 {[%clk 1:04:41]} 26. Bf3 {[%clk 0:50:49]}  Rc4 {[%clk 1:04:07]} 27. Bd1 {[%clk 0:42:39]}  Rd4 {[%clk 0:59:07]} 28. Bc2 {[%clk 0:40:53]}  Bd5+ {[%clk 0:58:43]} 29. Kf1 {[%clk 0:48:55]}  Be4 {[%clk 0:58:44]} 30. Bb3+ {[%clk 0:48:03]}  Kg6 {[%clk 0:57:29]} 31. Rc1 {[%clk 0:45:48]}  Rb4 {[%clk 0:57:37]} 32. Rc3 {[%clk 0:44:48]}  Kf5 {[%clk 0:56:20]} 33. Ke2 {[%clk 0:36:29]}  Bc6 {[%clk 0:53:59]} 34. Bc2+ {[%clk 0:46:51]}  Be4 {[%clk 0:47:28]} 35. Bd1 {[%clk 0:42:32]}  Ke5 {[%clk 0:46:13]} 36. Rc7 {[%clk 0:45:49]}  g5 {[%clk 0:44:33]} 37. Ke3 {[%clk 0:44:31]}  Bg6 {[%clk 0:41:01]} 38. Rb7 {[%clk 0:38:41]}  Re4+ {[%clk 0:40:12]} 39. Kd2 {[%clk 0:43:22]}  Rd4+ {[%clk 0:39:38]} 40. Kc1 {[%clk 0:42:41]}  Rc4+ {[%clk 0:36:22]} 41. Kb2 {[%clk 0:36:45]}  Rd4 {[%clk 0:33:40]} 42. Bb3 {[%clk 0:41:13]}  Rd6 {[%clk 0:26:47]} 43. Kc3 {[%clk 0:40:35]}  Rd3+ {[%clk 0:24:23]} 44. Kb4 {[%clk 0:40:26]}  Rd4+ {[%clk 0:24:40]} 45. Kb5 {[%clk 0:36:33]}  Be8+ {[%clk 0:22:30]} 46. Kxb6 {[%clk 0:32:27]}  Bxa4 {[%clk 0:20:22]} 47. Bxa4 {[%clk 0:32:10]}  Rxa4 {[%clk 0:22:57]} 48. Rxh7 {[%clk 0:32:22]}  Ra2 {[%clk 0:23:03]} 49. f3 {[%clk 0:31:36]}  Rf2 {[%clk 0:22:07]} 50. Kc5 {[%clk 0:30:15]}  Rxf3 {[%clk 0:20:47]} 51. Re7 {[%clk 0:32:34]}  Kf5 {[%clk 0:20:54]} 52. Re2 {[%clk 0:33:01]}  Rd3 {[%clk 0:20:39]} 53. Kc4 {[%clk 0:33:17]}  Rd1 {[%clk 0:20:36]} 54. Rf2+ {[%clk 0:32:41]}  Kg6 {[%clk 0:20:46]} 55. Kc3 {[%clk 0:32:14]}  f5 {[%clk 0:20:45]} 56. Kc2 {[%clk 0:30:31]}  Rd7 {[%clk 0:18:59]} 57. Kc3 {[%clk 0:32:35]}  Kf6 {[%clk 0:17:52]} 58. Kc2 {[%clk 0:31:19]}  Rd4 {[%clk 0:16:48]} 59. Rd2 {[%clk 0:29:04]}  Rxd2+ {[%clk 0:15:22]} 60. Kxd2 {[%clk 0:33:23]}  f4 {[%clk 0:15:46]} 61. gxf4 {[%clk 0:33:32]}  gxf4 {[%clk 0:16:11]} 62. Ke2 {[%clk 0:33:56]}  Kg5 {[%clk 0:16:27]} 63. Kf3 {[%clk 0:34:17]}  Kh4 {[%clk 0:16:54]} 64. Kxf4 {[%clk 0:34:36]}  Kh3 {[%clk 0:17:19]} 65. Ke5 {[%clk 0:35:03]}  Kxh2 {[%clk 0:17:38]} 66. Ke4 {[%clk 0:34:55]} 1/2-1/2

[Event "Masters Tournament (MTO)"]
[Site "Biel, CH"]
[Date "2025.07.24"]
[Round "10"]
[White "Hoffmann, Alexander"]
[Black "Oestmann, Lukas"]
[Result "1/2-1/2"]
[Board "45"]
[WhiteFideId "16240219"]
[BlackFideId "1326457"]
[WhiteElo "1872"]
[BlackElo "2007"]
[WhiteTeam "GER"]
[BlackTeam "SUI"]
[WhiteClock "0:11:50"]
[BlackClock "0:02:09"]
[Variant "Standard"]

1. c4 {[%clk 1:40:57]}  Nf6 {[%clk 1:40:57]} 2. g3 {[%clk 1:41:11]}  g6 {[%clk 1:41:24]} 3. Bg2 {[%clk 1:41:29]}  Bg7 {[%clk 1:41:52]} 4. Nf3 {[%clk 1:41:39]}  O-O {[%clk 1:41:54]} 5. O-O {[%clk 1:41:52]}  c6 {[%clk 1:42:06]} 6. d3 {[%clk 1:41:04]}  d5 {[%clk 1:42:12]} 7. Nbd2 {[%clk 1:40:38]}  Re8 {[%clk 1:41:00]} 8. e4 {[%clk 1:37:08]}  dxe4 {[%clk 1:35:14]} 9. dxe4 {[%clk 1:34:53]}  Nfd7 {[%clk 1:31:17]} 10. Rb1 {[%clk 1:33:50]}  a5 {[%clk 1:30:11]} 11. Re1 {[%clk 1:24:09]}  e5 {[%clk 1:25:25]} 12. b3 {[%clk 1:20:18]}  Nc5 {[%clk 1:24:35]} 13. Ba3 {[%clk 1:10:29]}  Nba6 {[%clk 1:22:43]} 14. Re2 {[%clk 1:05:43]}  f5 {[%clk 1:16:26]} 15. Ne1 {[%clk 0:57:53]}  Qb6 {[%clk 1:06:29]} 16. Qc2 {[%clk 0:51:50]}  Nb4 {[%clk 0:56:21]} 17. Bxb4 {[%clk 0:51:28]}  axb4 {[%clk 0:56:48]} 18. Kh1 {[%clk 0:48:05]}  f4 {[%clk 0:51:22]} 19. Ndf3 {[%clk 0:43:35]}  h6 {[%clk 0:47:44]} 20. h3 {[%clk 0:30:28]}  g5 {[%clk 0:43:11]} 21. g4 {[%clk 0:29:50]}  Be6 {[%clk 0:35:47]} 22. Rd1 {[%clk 0:28:49]}  Red8 {[%clk 0:35:54]} 23. Nd3 {[%clk 0:25:26]}  Nxd3 {[%clk 0:34:25]} 24. Rxd3 {[%clk 0:25:35]}  Rxd3 {[%clk 0:34:50]} 25. Qxd3 {[%clk 0:25:56]}  Rd8 {[%clk 0:32:36]} 26. Qc2 {[%clk 0:26:02]}  Bf6 {[%clk 0:31:48]} 27. Rd2 {[%clk 0:22:58]}  h5 {[%clk 0:31:21]} 28. gxh5 {[%clk 0:20:11]}  Qc7 {[%clk 0:22:40]} 29. Ng1 {[%clk 0:17:49]}  g4 {[%clk 0:18:15]} 30. hxg4 {[%clk 0:16:55]}  Bxg4 {[%clk 0:18:40]} 31. Bf3 {[%clk 0:14:03]}  Be6 {[%clk 0:18:43]} 32. Rxd8+ {[%clk 0:12:02]}  Qxd8 {[%clk 0:19:03]} 33. Qd1 {[%clk 0:11:09]}  Qe7 {[%clk 0:17:32]} 34. Bg4 {[%clk 0:11:06]}  Bf7 {[%clk 0:17:56]} 35. f3 {[%clk 0:06:59]}  Kg7 {[%clk 0:16:32]} 36. Qd7 {[%clk 0:06:37]}  Qxd7 {[%clk 0:15:59]} 37. Bxd7 {[%clk 0:06:59]}  Bxh5 {[%clk 0:16:26]} 38. Bc8 {[%clk 0:06:58]}  b6 {[%clk 0:12:54]} 39. Bd7 {[%clk 0:07:16]}  c5 {[%clk 0:13:17]} 40. Be6 {[%clk 0:07:36]}  Be8 {[%clk 0:06:45]} 41. Kg2 {[%clk 0:04:01]}  Bh4 {[%clk 0:06:23]} 42. Ne2 {[%clk 0:30:14]}  Kf6 {[%clk 0:33:56]} 43. Bd5 {[%clk 0:30:10]}  Bd7 {[%clk 0:34:10]} 44. Nc1 {[%clk 0:28:38]}  Be1 {[%clk 0:33:47]} 45. Nd3 {[%clk 0:28:11]}  Bc3 {[%clk 0:34:08]} 46. Nf2 {[%clk 0:25:01]}  Kg5 {[%clk 0:34:13]} 47. Ng4 {[%clk 0:17:11]}  Bd4 {[%clk 0:18:41]} 48. Bf7 {[%clk 0:16:44]}  Kh4 {[%clk 0:18:22]} 49. Bd5 {[%clk 0:14:59]}  Bc8 {[%clk 0:18:33]} 50. Bc6 {[%clk 0:12:51]}  Be6 {[%clk 0:17:51]} 51. Be8 {[%clk 0:12:46]}  Kg5 {[%clk 0:17:40]} 52. Bc6 {[%clk 0:12:41]}  Kh4 {[%clk 0:12:21]} 53. Be8 {[%clk 0:12:08]}  Bc8 {[%clk 0:11:50]} 54. Bc6 {[%clk 0:11:58]}  Bd7 {[%clk 0:02:33]} 55. Bd5 {[%clk 0:11:58]}  b5 {[%clk 0:02:32]} 56. Bf7 {[%clk 0:11:52]}  bxc4 {[%clk 0:02:09]} 57. Bxc4 {[%clk 0:11:50]} 1/2-1/2

[Event "Masters Tournament (MTO)"]
[Site "Biel, CH"]
[Date "2025.07.24"]
[Round "10"]
[White "Schaffner, David"]
[Black "Madsen, Jens Ingemann"]
[Result "1/2-1/2"]
[Board "46"]
[WhiteFideId "1310607"]
[BlackFideId "1434993"]
[WhiteElo "1980"]
[BlackElo "1935"]
[WhiteTeam "SUI"]
[BlackTeam "DEN"]
[WhiteClock "0:05:31"]
[BlackClock "0:07:32"]
[Variant "Standard"]

1. e4 {[%clk 1:40:54]}  d5 {[%clk 1:40:57]} 2. exd5 {[%clk 1:38:54]}  Qxd5 {[%clk 1:41:20]} 3. Nc3 {[%clk 1:38:41]}  Qd6 {[%clk 1:41:46]} 4. Nf3 {[%clk 1:35:27]}  c6 {[%clk 1:41:04]} 5. h3 {[%clk 1:27:28]}  Bf5 {[%clk 1:30:38]} 6. Bc4 {[%clk 1:19:33]}  Nf6 {[%clk 1:26:31]} 7. d3 {[%clk 1:16:55]}  Nbd7 {[%clk 1:21:31]} 8. Qe2 {[%clk 1:14:38]}  Nb6 {[%clk 1:18:19]} 9. Bb3 {[%clk 1:11:06]}  e6 {[%clk 1:13:45]} 10. Nh4 {[%clk 1:07:18]}  Bg6 {[%clk 1:02:42]} 11. Nxg6 {[%clk 0:56:06]}  hxg6 {[%clk 1:01:24]} 12. Bd2 {[%clk 0:53:23]}  O-O-O {[%clk 0:55:24]} 13. O-O-O {[%clk 0:45:34]}  Nbd5 {[%clk 0:49:57]} 14. Ne4 {[%clk 0:43:38]}  Qc7 {[%clk 0:39:52]} 15. a3 {[%clk 0:41:20]}  Be7 {[%clk 0:32:46]} 16. g3 {[%clk 0:33:05]}  Nd7 {[%clk 0:17:00]} 17. c4 {[%clk 0:26:43]}  N5f6 {[%clk 1:01:01]} 18. Ng5 {[%clk 0:21:25]}  Rhf8 {[%clk 0:47:18]} 19. Be3 {[%clk 0:15:59]}  b6 {[%clk 0:47:38]} 20. Bc2 {[%clk 0:09:51]}  Ne8 {[%clk 0:40:29]} 21. Kb1 {[%clk 0:05:10]}  Bf6 {[%clk 0:38:08]} 22. d4 {[%clk 0:04:11]}  e5 {[%clk 0:28:43]} 23. d5 {[%clk 0:04:05]}  Nd6 {[%clk 0:27:54]} 24. g4 {[%clk 0:03:57]}  c5 {[%clk 0:27:28]} 25. Rhe1 {[%clk 0:03:04]}  Rh8 {[%clk 0:27:08]} 26. Rh1 {[%clk 0:02:58]}  Rde8 {[%clk 0:27:25]} 27. Ne4 {[%clk 0:02:15]}  Be7 {[%clk 0:27:17]} 28. Qf3 {[%clk 0:01:58]}  Rhf8 {[%clk 0:26:27]} 29. b3 {[%clk 0:01:52]}  Nf6 {[%clk 0:26:19]} 30. Nxd6+ {[%clk 0:01:43]}  Qxd6 {[%clk 0:26:34]} 31. Qg3 {[%clk 0:00:59]}  Qc7 {[%clk 0:26:05]} 32. f3 {[%clk 0:01:07]}  Bd6 {[%clk 0:26:23]} 33. Be4 {[%clk 0:01:29]}  Nh7 {[%clk 0:24:52]} 34. g5 {[%clk 0:01:34]}  Rh8 {[%clk 0:23:35]} 35. Kc2 {[%clk 0:00:27]}  Nf8 {[%clk 0:22:19]} 36. Kd3 {[%clk 0:00:55]}  Qe7 {[%clk 0:20:46]} 37. Ke2 {[%clk 0:00:59]}  Kc7 {[%clk 0:21:10]} 38. Rb1 {[%clk 0:01:11]}  f5 {[%clk 0:20:48]} 39. gxf6 {[%clk 0:01:24]}  gxf6 {[%clk 0:21:16]} 40. Bc2 {[%clk 0:00:59]}  e4 {[%clk 0:15:32]} 41. f4 {[%clk 0:24:40]}  Rh5 {[%clk 0:30:39]} 42. Kd2 {[%clk 0:23:16]}  g5 {[%clk 0:24:04]} 43. h4 {[%clk 0:21:50]}  Qh7 {[%clk 0:23:49]} 44. Bd1 {[%clk 0:13:36]}  Rxh4 {[%clk 0:17:44]} 45. Rxh4 {[%clk 0:14:04]}  gxh4 {[%clk 0:15:39]} 46. Qh3 {[%clk 0:14:17]}  Ng6 {[%clk 0:14:19]} 47. Qf5 {[%clk 0:14:46]}  h3 {[%clk 0:13:34]} 48. Bh5 {[%clk 0:13:23]}  Rg8 {[%clk 0:11:30]} 49. Rh1 {[%clk 0:13:11]}  Qh6 {[%clk 0:09:02]} 50. Rxh3 {[%clk 0:06:30]}  Bxf4 {[%clk 0:10:29]} 51. Bxg6 {[%clk 0:06:17]}  Bxe3+ {[%clk 0:10:24]} 52. Rxe3 {[%clk 0:06:40]}  Qxg6 {[%clk 0:09:16]} 53. Qf4+ {[%clk 0:05:44]}  Kd7 {[%clk 0:09:14]} 54. Rxe4 {[%clk 0:05:48]}  Qg2+ {[%clk 0:08:12]} 55. Re2 {[%clk 0:06:04]}  Qg5 {[%clk 0:07:15]} 56. Qxg5 {[%clk 0:05:31]}  Rxg5 {[%clk 0:07:32]} 1/2-1/2

[Event "Masters Tournament (MTO)"]
[Site "Biel, CH"]
[Date "2025.07.24"]
[Round "10"]
[White "Cordes, Jule"]
[Black "Yu, Tianxiang Carlos"]
[Result "1/2-1/2"]
[Board "47"]
[WhiteFideId "1060708"]
[BlackFideId "39922723"]
[WhiteElo "1946"]
[BlackElo "1938"]
[WhiteTeam "NED"]
[BlackTeam "USA"]
[WhiteClock "0:05:09"]
[BlackClock "0:09:03"]
[Variant "Standard"]

1. d4 {[%clk 1:40:58]}  Nf6 {[%clk 1:32:54]} 2. c4 {[%clk 1:41:22]}  g6 {[%clk 1:33:07]} 3. f3 {[%clk 1:41:46]}  Bg7 {[%clk 1:33:07]} 4. e4 {[%clk 1:42:10]}  d6 {[%clk 1:33:24]} 5. Nc3 {[%clk 1:42:31]}  O-O {[%clk 1:33:44]} 6. Nge2 {[%clk 1:42:51]}  a6 {[%clk 1:33:26]} 7. Be3 {[%clk 1:43:04]}  b5 {[%clk 1:33:37]} 8. cxb5 {[%clk 1:43:15]}  axb5 {[%clk 1:33:59]} 9. Nxb5 {[%clk 1:43:38]}  c6 {[%clk 1:34:19]} 10. Nbc3 {[%clk 1:43:54]}  Nbd7 {[%clk 1:34:39]} 11. Nc1 {[%clk 1:41:44]}  e5 {[%clk 1:32:44]} 12. Be2 {[%clk 1:36:25]}  d5 {[%clk 1:29:06]} 13. exd5 {[%clk 1:29:13]}  Nxd5 {[%clk 1:26:14]} 14. Nxd5 {[%clk 1:22:14]}  cxd5 {[%clk 1:25:48]} 15. O-O {[%clk 1:21:01]}  Rb8 {[%clk 1:17:44]} 16. dxe5 {[%clk 1:05:08]}  Nxe5 {[%clk 1:15:21]} 17. Bd4 {[%clk 0:56:19]}  Re8 {[%clk 1:03:14]} 18. b3 {[%clk 0:38:26]}  Rb4 {[%clk 0:29:24]} 19. Bc3 {[%clk 0:33:56]}  Rb7 {[%clk 0:27:28]} 20. f4 {[%clk 0:26:28]}  d4 {[%clk 0:20:32]} 21. Bb2 {[%clk 0:22:12]}  Nc6 {[%clk 0:20:07]} 22. Bf3 {[%clk 0:21:17]}  Qb6 {[%clk 0:20:23]} 23. Nd3 {[%clk 0:19:47]}  Rbe7 {[%clk 0:17:48]} 24. Qd2 {[%clk 0:18:07]}  Bb7 {[%clk 0:16:55]} 25. Rac1 {[%clk 0:17:23]}  Na5 {[%clk 0:16:09]} 26. Bxb7 {[%clk 0:01:27]}  Re2 {[%clk 0:07:43]} 27. Qd1 {[%clk 0:01:32]}  Nxb7 {[%clk 0:05:48]} 28. Rf2 {[%clk 0:01:37]}  Rxf2 {[%clk 0:05:23]} 29. Nxf2 {[%clk 0:01:37]}  Qa5 {[%clk 0:04:20]} 30. a3 {[%clk 0:01:09]}  Nd6 {[%clk 0:04:14]} 31. b4 {[%clk 0:01:32]}  Qd5 {[%clk 0:03:37]} 32. h3 {[%clk 0:01:19]}  Nf5 {[%clk 0:03:55]} 33. Rc5 {[%clk 0:01:07]}  Qa2 {[%clk 0:03:53]} 34. Qd2 {[%clk 0:00:59]}  Ne3 {[%clk 0:03:25]} 35. Nd3 {[%clk 0:00:46]}  Nc4 {[%clk 0:02:41]} 36. Qc2 {[%clk 0:00:40]}  Nxa3 {[%clk 0:01:55]} 37. Qc1 {[%clk 0:00:47]}  Qb1 {[%clk 0:00:59]} 38. Qxb1 {[%clk 0:00:38]}  Nxb1 {[%clk 0:01:28]} 39. Rd5 {[%clk 0:00:35]}  Nc3 {[%clk 0:01:02]} 40. Rd7 {[%clk 0:00:34]}  h5 {[%clk 0:00:59]} 41. Kf1 {[%clk 0:24:35]}  Kf8 {[%clk 0:23:09]} 42. Ne5 {[%clk 0:15:20]}  Bxe5 {[%clk 0:20:08]} 43. fxe5 {[%clk 0:15:17]}  Rxe5 {[%clk 0:14:59]} 44. Rxd4 {[%clk 0:15:20]}  Re3 {[%clk 0:12:04]} 45. Rc4 {[%clk 0:10:56]}  Nd5 {[%clk 0:11:00]} 46. Bd4 {[%clk 0:10:22]}  Rb3 {[%clk 0:10:33]} 47. Bc5+ {[%clk 0:09:46]}  Ke8 {[%clk 0:09:22]} 48. Ke2 {[%clk 0:07:52]}  Kd7 {[%clk 0:09:03]} 49. Rd4 {[%clk 0:05:09]} 1/2-1/2